000
00350nam a2200145Ia 4500
008
221030s9999 xx 000 0 und d
041
_a
English
082
_a
105.23
100
_a
B. D. Arora
245
0
_a
Electrical Wiring Estimating & Costing
_c
by B. D. Arora, S. L. Uppal
260
_c
0
650
_a
B
700
_a
S. L. Uppal
942
_c
BK
999
_c
13112
_d
13112